هل نشأ الكون من العدم : (رقم التسجيلة. 19647)

تفاصيل مارك
000 -LEADER
fixed length control field 00620nam a22001817a 4500
005 - DATE AND TIME OF LATEST TRANSACTION
control field 20251108165013.0
008 - FIXED-LENGTH DATA ELEMENTS--GENERAL INFORMATION
fixed length control field 250721s1999 xx 000 0 ara d
082 14 - DEWEY DECIMAL CLASSIFICATION NUMBER
Classification number 530.11/هشا
100 1# - MAIN ENTRY--PERSONAL NAME
Personal name غصيب، هشام
245 10 - TITLE STATEMENT
Title هل نشأ الكون من العدم :
Remainder of title المضمون الفكري لنظرية النسبية العامة ... /
264 1# - PRODUCTION, PUBLICATION, DISTRIBUTION, MANUFACTURE, AND COPYRIGHT NOTICE
Place of production, publication, distribution, manufacture بيروت :
Name of producer, publisher, distributor, manufacturer المؤسسة العربية للدراسات و النشر،
Date of production, publication, distribution, manufacture, or copyright notice 1999.
300 ## - PHYSICAL DESCRIPTION
Extent 188ص
650 17 - SUBJECT ADDED ENTRY--TOPICAL TERM
Topical term or geographic name as entry element الفيزياء الرياضية
650 17 - SUBJECT ADDED ENTRY--TOPICAL TERM
Topical term or geographic name as entry element النسبية
650 17 - SUBJECT ADDED ENTRY--TOPICAL TERM
Topical term or geographic name as entry element الفيزياء
942 ## - ADDED ENTRY ELEMENTS (KOHA)
Source of classification or shelving scheme Dewey Decimal Classification
Koha item type كتب
المقتنيات
حالة السحب حالة الفقدان مصدر التصنيف حالة التلف غير قابل للإعارة المكتبة الرئيسية المكتبة الحالية موقع الرف تاريخ التزويد الرقم المتسلسل Total Checkouts رقم الإستدعاء تاريخ آخر ظهور تاريخ الفاتورة نوع المادة (كوها) الباركود
    Dewey Decimal Classification Unchecked   مكتبة أبو علندا العامة مكتبة أبو علندا العامة الإعارة 06/07/2004 305383   530.11/هشا 28/07/2025 06/07/2004 كتب  
    Dewey Decimal Classification Unchecked   مكتبة أم قصير والمقابلين العامة مكتبة أم قصير والمقابلين العامة الإعارة 06/07/2004 305382   530.11/هشا 28/07/2025 06/07/2004 كتب  
    Dewey Decimal Classification     مكتبة الأميرة ايمان العامة مكتبة الأميرة ايمان العامة الإعارة 06/07/2004 305374   530.11/هشا 28/07/2025 06/07/2004 كتب 305374
    Dewey Decimal Classification Unchecked   مكتبة الاميرة بديعة مكتبة الاميرة بديعة الإعارة 06/07/2004 305377   530.11/هشا 28/07/2025 06/07/2004 كتب  
    Dewey Decimal Classification     مكتبة الجويدة مكتبة الجويدة الإعارة 20/05/2015 305378   530.11/هشا 28/07/2025 20/05/2015 كتب PLD00325413
    Dewey Decimal Classification     مكتبة حمزة العامة مكتبة حمزة العامة الإعارة 06/07/2004 305380   530.11/هشا 28/07/2025 06/07/2004 كتب 305380
    Dewey Decimal Classification Unchecked   مكتبة صويلح العامة مكتبة صويلح العامة الإعارة 06/07/2004 305375   530.11/هشا 28/07/2025 06/07/2004 كتب  
    Dewey Decimal Classification     مكتبة وادي السير العامة مكتبة وادي السير العامة الإعارة 03/04/2016 305384   530.11/هشا 28/07/2025 03/04/2016 كتب PLD00383969
Implemented & Customized by: BBB with SCIT (Smart Chains for Information Technology)

Powered by Koha